000 00640pam a2200217 a 4500
001 2332733
005 20241122175555.0
008 820715s1983 maua 001 0 eng
020 _a0201147858 (pbk.)
050 1 0 _aQA152.2
_b.K43 1983
082 0 0 _a512.9
_219
100 1 _aKeedy, Mervin Laverne.
245 1 0 _aIntroductory algebra /
_cMervin L. Keedy, Marvin L. Bittinger.
250 _a4th ed.
260 _aReading, Mass. :
_bAddison-Wesley Pub. Co.,
_cc1983.
300 _axv, 536, 41, 5 p. :
_bill. ;
_c28 cm.
500 _aIncludes index.
650 0 _aAlgebra.
700 1 _aBittinger, Marvin L.
942 _2lcc
_cBK
_e4th ed.
_n0
999 _c1483
_d1483